<?xml version="1.0" encoding="UTF-8"?>
<record
    xmlns:xsi="http://www.w3.org/2001/XMLSchema-instance"
    xsi:schemaLocation="http://www.loc.gov/MARC21/slim http://www.loc.gov/standards/marcxml/schema/MARC21slim.xsd"
    xmlns="http://www.loc.gov/MARC21/slim">

  <leader>01393nam2a22002531  4500</leader>
  <controlfield tag="001">rc\75399</controlfield>
  <controlfield tag="005">20250620193908.0</controlfield>
  <datafield tag="010" ind1=" " ind2=" ">
    <subfield code="a">5-86884-027-5</subfield>
    <subfield code="9">10000</subfield>
  </datafield>
  <datafield tag="035" ind1=" " ind2=" ">
    <subfield code="a">(NLR Aleph) 005390306</subfield>
  </datafield>
  <datafield tag="090" ind1=" " ind2=" ">
    <subfield code="a">7181035</subfield>
    <subfield code="c">7181035</subfield>
  </datafield>
  <datafield tag="100" ind1=" " ind2=" ">
    <subfield code="a">20021216d1994    |||y0rusy50      ca</subfield>
  </datafield>
  <datafield tag="101" ind1="0" ind2=" ">
    <subfield code="a">rus</subfield>
  </datafield>
  <datafield tag="102" ind1=" " ind2=" ">
    <subfield code="a">RU</subfield>
  </datafield>
  <datafield tag="105" ind1=" " ind2=" ">
    <subfield code="a">a   |||||||||</subfield>
  </datafield>
  <datafield tag="200" ind1="1" ind2=" ">
    <subfield code="a">&#x42E;&#x436;&#x43D;&#x44B;&#x439; &#x43F;&#x43E;&#x447;&#x442;&#x43E;&#x432;&#x44B;&#x439;</subfield>
    <subfield code="a">&#x41D;&#x43E;&#x447;&#x43D;&#x43E;&#x439; &#x43F;&#x43E;&#x43B;&#x435;&#x442;</subfield>
    <subfield code="a">&#x41F;&#x43B;&#x430;&#x43D;&#x435;&#x442;&#x430; &#x43B;&#x44E;&#x434;&#x435;&#x439;</subfield>
    <subfield code="a">&#x412;&#x43E;&#x435;&#x43D;&#x43D;&#x44B;&#x439; &#x43B;&#x435;&#x442;&#x447;&#x438;&#x43A;</subfield>
    <subfield code="a">&#x41F;&#x438;&#x441;&#x44C;&#x43C;&#x43E; &#x437;&#x430;&#x43B;&#x43E;&#x436;&#x43D;&#x438;&#x43A;&#x443;</subfield>
    <subfield code="a">&#x41C;&#x430;&#x43B;&#x435;&#x43D;&#x44C;&#x43A;&#x438;&#x439; &#x43F;&#x440;&#x438;&#x43D;&#x446;</subfield>
    <subfield code="a">&#x41F;&#x438;&#x43B;&#x43E;&#x442; &#x438; &#x441;&#x442;&#x438;&#x445;&#x438;&#x438;</subfield>
    <subfield code="a">&#x412;&#x43E;&#x441;&#x43F;&#x43E;&#x43C;&#x438;&#x43D;&#x430;&#x43D;&#x438;&#x44F; &#x43E; &#x43D;&#x435;&#x43A;&#x43E;&#x442;&#x43E;&#x440;&#x44B;&#x445; &#x43A;&#x43D;&#x438;&#x433;&#x430;&#x445;</subfield>
    <subfield code="a">&#x41F;&#x438;&#x441;&#x44C;&#x43C;&#x43E; &#x433;-&#x436;&#x435; &#x41D;</subfield>
    <subfield code="a">&#x41F;&#x438;&#x441;&#x44C;&#x43C;&#x43E; &#x433;&#x435;&#x43D;&#x435;&#x440;&#x430;&#x43B;&#x443; &#x425;</subfield>
    <subfield code="a">&#x41F;&#x438;&#x441;&#x44C;&#x43C;&#x43E; &#x433;-&#x436;&#x435; &#x424;&#x440;&#x430;&#x43D;&#x441;&#x443;&#x430; &#x434;&#x435; &#x420;&#x43E;&#x437;</subfield>
  </datafield>
  <datafield tag="210" ind1=" " ind2=" ">
    <subfield code="d">1994</subfield>
    <subfield code="a">&#x411;. &#x43C;.</subfield>
  </datafield>
  <datafield tag="215" ind1=" " ind2=" ">
    <subfield code="a">539, [1] &#x441;., [8] &#x43B;. &#x438;&#x43B;.</subfield>
    <subfield code="c">&#x438;&#x43B;.</subfield>
  </datafield>
  <datafield tag="461" ind1=" " ind2="0">
    <subfield code="1">001rc\75398</subfield>
    <subfield code="1">2001#$a&#x421;&#x43E;&#x447;&#x438;&#x43D;&#x435;&#x43D;&#x438;&#x44F;$e&#x412; 2 &#x442;.$e&#x41F;&#x435;&#x440;. &#x441; &#x444;&#x440;.$f&#x410;&#x43D;&#x442;&#x443;&#x430;&#x43D; &#x434;&#x435; &#x421;&#x435;&#x43D;&#x442;-&#x42D;&#x43A;&#x437;&#x44E;&#x43F;&#x435;&#x440;&#x438;$g[&#x420;&#x435;&#x434;. &#x412;. &#x41A;&#x43E;&#x447;&#x435;&#x442;&#x43E;&#x432;]$v&#x422;. 1</subfield>
    <subfield code="1">700#1$a&#x421;&#x435;&#x43D;&#x442;-&#x42D;&#x43A;&#x437;&#x44E;&#x43F;&#x435;&#x440;&#x438;$b&#x410;. &#x434;&#x435;$f1900-1944$g&#x410;&#x43D;&#x442;&#x443;&#x430;&#x43D; &#x434;&#x435;$3RU\NLR\AUTH\777344</subfield>
    <subfield code="9">7181029</subfield>
    <subfield code="a">&#x421;&#x435;&#x43D;&#x442;-&#x42D;&#x43A;&#x437;&#x44E;&#x43F;&#x435;&#x440;&#x438;, &#x410;. &#x434;&#x435; (1900-1944)</subfield>
    <subfield code="c">&#x41C;.</subfield>
    <subfield code="d">1994</subfield>
    <subfield code="f">&#x410;&#x43D;&#x442;&#x443;&#x430;&#x43D; &#x434;&#x435; &#x421;&#x435;&#x43D;&#x442;-&#x42D;&#x43A;&#x437;&#x44E;&#x43F;&#x435;&#x440;&#x438;</subfield>
    <subfield code="n">&#x421;&#x43E;&#x433;&#x43B;&#x430;&#x441;&#x438;&#x435;</subfield>
    <subfield code="o">&#x412; 2 &#x442;. : &#x41F;&#x435;&#x440;. &#x441; &#x444;&#x440;.</subfield>
    <subfield code="t">&#x421;&#x43E;&#x447;&#x438;&#x43D;&#x435;&#x43D;&#x438;&#x44F;</subfield>
    <subfield code="y">5868840267</subfield>
    <subfield code="v">&#x422;. 1</subfield>
  </datafield>
  <datafield tag="801" ind1=" " ind2="0">
    <subfield code="a">RU</subfield>
    <subfield code="b">NLR</subfield>
    <subfield code="g">psbo</subfield>
  </datafield>
  <datafield tag="801" ind1=" " ind2="1">
    <subfield code="a">RU</subfield>
    <subfield code="b">ELAR</subfield>
    <subfield code="2">rusmarc</subfield>
  </datafield>
  <datafield tag="852" ind1=" " ind2=" ">
    <subfield code="a">NLR</subfield>
    <subfield code="j">94-3/6797</subfield>
  </datafield>
  <datafield tag="942" ind1=" " ind2=" ">
    <subfield code="c">BOOK</subfield>
  </datafield>
  <datafield tag="980" ind1=" " ind2=" ">
    <subfield code="a">NB</subfield>
  </datafield>
  <datafield tag="995" ind1=" " ind2=" ">
    <subfield code="5">2013-10-26</subfield>
    <subfield code="b">NLR01</subfield>
    <subfield code="c">NLR01</subfield>
    <subfield code="e">RF8</subfield>
    <subfield code="f">5390306-10</subfield>
    <subfield code="k">94-3/6797</subfield>
    <subfield code="o">0</subfield>
    <subfield code="r">BOOK</subfield>
    <subfield code="s">9436797_</subfield>
  </datafield>
  <datafield tag="995" ind1=" " ind2=" ">
    <subfield code="5">2014-03-21</subfield>
    <subfield code="b">NLR01</subfield>
    <subfield code="c">NLR01</subfield>
    <subfield code="e">OZ2</subfield>
    <subfield code="f">1-389362</subfield>
    <subfield code="k">&#x41B;1 &#x428;6(4&#x424;&#x440;)/&#x421;-315</subfield>
    <subfield code="o">0</subfield>
    <subfield code="p">10800.00</subfield>
    <subfield code="r">BOOK</subfield>
    <subfield code="s">1_64315</subfield>
  </datafield>
  <datafield tag="995" ind1=" " ind2=" ">
    <subfield code="5">2014-04-18</subfield>
    <subfield code="a">az</subfield>
    <subfield code="b">NLR02</subfield>
    <subfield code="c">NLR02</subfield>
    <subfield code="e">NZ2</subfield>
    <subfield code="f">1-302054</subfield>
    <subfield code="k">&#x41D;&#x437;  &#x428;6(4&#x424;&#x440;)/&#x421;-315</subfield>
    <subfield code="o">0</subfield>
    <subfield code="r">BOOK</subfield>
    <subfield code="s">_64315</subfield>
  </datafield>
  <datafield tag="995" ind1=" " ind2=" ">
    <subfield code="5">2015-09-15</subfield>
    <subfield code="a">au</subfield>
    <subfield code="b">NLR03</subfield>
    <subfield code="c">NLR03</subfield>
    <subfield code="e">UJZ</subfield>
    <subfield code="f">1-160578</subfield>
    <subfield code="k">&#x42E; &#x418;(&#x444;&#x440;)/&#x421;-31</subfield>
    <subfield code="o">0</subfield>
    <subfield code="r">BOOK</subfield>
    <subfield code="s">_31</subfield>
  </datafield>
</record>
